Irresponsables / (Record no. 100621)

MARC details
000 -LEADER
campo de control de longitud fija 00722nam a2200205 i 4500
001 - NÚMERO DE CONTROL
campo de control 100621
003 - IDENTIFICADOR DE NÚMERO DE CONTROL
campo de control ES-MaACL
005 - FECHA Y HORA DE LA ÚLTIMA TRANSACCIÓN
campo de control 20231221183853.0
007 - CAMPO FIJO DE DESCRIPCIÓN FÍSICA--INFORMACIÓN GENERAL
campo de control de longitud fija t|
008 - DATOS DE LONGITUD FIJA--INFORMACIÓN GENERAL
campo de control de longitud fija 050930s1921 sp ||||1| spa d
100 1# - ENTRADA PRINCIPAL--NOMBRE DE PERSONA
Nombre de persona Mata, Pedro,
Fechas asociadas al nombre 1875-1946
9 (RLIN) 78887
245 10 - MENCIÓN DEL TÍTULO
Título Irresponsables /
Mención de responsabilidad, etc. Pedro Mata; [prólogo de Angel Ossorio; epílogo del Dr. E. Fernández Sanz].
260 ## - PUBLICACIÓN, DISTRIBUCIÓN, ETC.
Lugar de publicación, distribución, etc. Madrid :
Nombre del editor, distribuidor, etc. Rivadeneyra,
Fecha de publicación, distribución, etc. 1921.
300 ## - DESCRIPCIÓN FÍSICA
Extensión 364 p. ;
Dimensiones 19 cm.
505 8# - NOTA DE CONTENIDO CON FORMATO
Nota de contenido con formato Contiene: La muchacha del Ideal Rosales. En defensa propia. El crimen de la calle de Ponzano
700 1# - ENTRADA AGREGADA--NOMBRE PERSONAL
Nombre de persona Ossorio y Gallardo, Ángel,
Fechas asociadas al nombre 1873-1946
9 (RLIN) 138613
700 1# - ENTRADA AGREGADA--NOMBRE PERSONAL
Nombre de persona Fernández Sanz, Enrique.
9 (RLIN) 50080
852 ## - LOCALIZACIÓN
Ubicación ES-MaACL
Número de control de estantería F-12132
Holdings
Estatus retirado Estado de pérdida Estado de daño No para préstamo Biblioteca de origen Biblioteca actual Ubicación en estantería Fecha de adquisición Fuente de adquisición Total de préstamos Signatura topográfica completa Código de barras Visto por última vez Precio de reemplazo Tipo de ítem Koha
        Biblioteca del Ateneo de Madrid Biblioteca del Ateneo de Madrid Sala Pecera Planta 2 17/01/2008     F-12132 1105054 23/02/2023 23/02/2023 Libro impreso